Geografía de América por letra - E - Estadísticas

Estadísticas generales
  • Esta prueba ha sido intentada 236 veces
  • La puntuación promedio es 7 de 15
Estadísticas de respuestas
Pista Respuesta % Correcto
País sudamericano Ecuador
100%
País centroamericano El Salvador
98%
Idioma nacional de la mayoría de los países americanos Español
92%
País angloparlante Estados Unidos
86%
Ciudad fronteriza con Ciudad Juárez El Paso
62%
La ciudad de oro legendaria El Dorado
54%
El Río de la Plata a menudo se considera ser este tipo de cuerpo de agua Estuario
49%
Capital de la provincia de Alberta Edmonton
43%
El fenómeno climático natural del océano Pacífico El Niño
39%
Esta provincia argentina limita con Uruguay Entre Ríos
37%
La segunda ciudad más poblada de Bolivia El Alto
32%
Uno de los veintiséis estados brasileños Espírito Santo
18%
Antigua capital de Baja California Ensenada
11%
Río que desemboca cerca de La Serena, Chile Río {Elqui}
5%
Bosque nacional de Puerto Rico El Yunque
3%
No se encontraron pruebas coincidentes
Distribución de puntuación
Porcentaje de gente con cada puntuación
Porcentaje por número respondido
Historial de tus puntuaciones
No has intentado esta prueba.